000 00509nam a22001697a 4500
003 MACL
005 20160609135442.0
008 160609b xxu||||| |||| 00| 0 eng d
040 _cMACL
041 _aHindi
082 _a920
100 _aप्रीतम, अमृता
_938570
245 _aरसीदी टिकट
_cअमृता प्रीतम
260 _aदिल्‍ली
_bकिताब घर प्रकाशन
_c1999
650 _aBiography
_963459
942 _2ddc
_cHIN
999 _c54255
_d54255